|
|
|
|
| LEADER |
01197pam a2200277 i 4500 |
| 001 |
3665593 |
| 003 |
GR-PaULI |
| 005 |
20250313120018.0 |
| 008 |
770524s1977 nyua b 001 0 eng |
| 952 |
|
|
|0 0
|1 0
|2 ddc
|4 0
|6 153_430000000000000_SCA
|7 0
|9 231578
|a LISP
|b LISP
|c BSC
|d 2019-04-18
|i 140595
|l 0
|o 153.43 SCA
|p 025000262112
|r 2019-04-18 00:00:00
|t 1
|v 2019.00
|w 2019-04-18
|y BK15
|
| 999 |
|
|
|c 140687
|d 140687
|
| 010 |
|
|
|a 77009600
|
| 020 |
|
|
|a 0126206503
|
| 040 |
|
|
|a DLC
|c GR-PaULI
|d
|b gre
|e AACR2
|
| 082 |
0 |
0 |
|a 153.43
|2 23
|
| 100 |
1 |
|
|a Scandura, Joseph M.
|9 175243
|e συγγραφέας.
|
| 245 |
1 |
0 |
|a Problem solving :
|b a structural/process approach with instructional implications /
|c Joseph M. Scandura, with co-contributions by John Durnin ... [et al.].
|
| 260 |
|
|
|a New York :
|b Academic Press,
|c 1977.
|
| 300 |
|
|
|a x, 591 σ. :
|b εικ. ;
|c 24 εκ.
|
| 490 |
1 |
|
|a Educational psychology
|
| 504 |
|
|
|a Περιλαμβάνει βιβλιογραφικές παραπομπές και ευρετήριο.
|
| 504 |
|
|
|a
|
| 650 |
|
4 |
|a Πρόβλημα, Επίλυση του
|9 3738
|
| 830 |
|
0 |
|a Educational psychology (Academic Press)
|9 169479
|
| 942 |
|
|
|2 ddc
|c BK15
|
| 998 |
|
|
|c ΜΠΟΥΡΑΣ
|d 2019-04
|